000 00232nam a2200097Ia 4500
008 190216s9999||||xx |||||||||||||| ||und||
100 _aAjany
245 0 _aHindi-Naye A Kunki
260 _bMac Millian And Com. Ltd
942 _cBK
999 _c17994
_d17994